Hướng dẫn giáo dục lao động trong nhà trường

שמור ב:
מידע ביבליוגרפי
מחבר ראשי: Raisman, I (Chủ biên)
מחברים אחרים: Hoàng Văn Vân (Dịch), Langơ.V (Chủ biên)
פורמט: ספר
יצא לאור: Tp. HCM Giáo dục 1986
נושאים:
תגים: הוספת תג
אין תגיות, היה/י הראשונ/ה לתייג את הרשומה!
Thư viện lưu trữ: Trung tâm Học liệu Lê Vũ Hùng, Trường Đại học Đồng Tháp
LEADER 00831pam a22002538a 4500
001 00019312
005 20171026081022.0
008 110506s1986 ||||||Viesd
041 0 # |a Vie 
082 1 4 |a 373.2  |b H561D 
100 0 # |a Raisman, I  |e Chủ biên 
245 0 0 |a Hướng dẫn giáo dục lao động trong nhà trường  |c I.Raisman, V.Langơ; Hoàng Văn Vân 
260 # # |a Tp. HCM  |b Giáo dục  |c 1986 
300 # # |a 92 tr.  |c 21 cm. 
653 # # |a Dạy nghề 
653 # # |a Giáo dục 
653 # # |a Nhà trường 
653 # # |a Lao động 
700 0 # |a Hoàng Văn Vân  |e Dịch 
700 0 # |a Langơ.V  |e Chủ biên 
852 # # |j KD.0004597 
852 # # |b Kho đọc  |j KD.0004597 
910 |d 06/05/2011 
980 # # |a Trung tâm Học liệu Lê Vũ Hùng, Trường Đại học Đồng Tháp